01242nam a2200169Ia 4500001001300000003001000013008004100023040002500064041000700089100003000096245004600126250001100172260003600183300001200219500079100231650005001022b5617-37746 IT-MiCISF161014s9999||||xx |||||||||||||| ||und|| aIT-MiCISFcIT-MiCISF ait aBonetti Renzo (a cura di) 0aTeologia nuziale e sacramento degli sposi a1a ed. a Cantalupa (TO)bEffatàc2003 app. 144 aMazzanti G., Pilloni F., Gillini G., Zattoni M.T., Bonetti R., Crociani L. / pastorale-familiare, matrimonio-sacramento, teologia, liturgia / Gli aspetti biblici, antropologici, teologici, pastorali e liturgici s'intrecciano in questa ricerca a più voci, in cui un gruppo di noti esperti della famiglia (R. Bonetti, L. Crociani, G. Gillini, M. T. Zattoni, G. Mazzanti, F. Pilloni) s'interroga sul significato profondo della nuzialità per la vita spirituale e quotidiana di ogni cristiano, anche di quelli che sposati non sono, perché consacrati. Le riflessioni indicano orizzonti di bellezza, grazia e gioia che finora sono stati rimossi e dimenticati dalla riflessione teologica e dalla pratica ecclesiale, ma che aprono ad una nuova dimensione dell'esistenza e della pastorale. a Temi di pastorale / pastorale-familiaree012